000 00791nam a2200217 a 4500
001 12852
003 BD-JhCC
005 20230518125235.0
008 230518s2022 b a|||| |||| 000 0 b d
020 _a9789843520272
035 _a(BD-JhCC)12852
040 _aBD-JhCC
_dBD-JhCC
041 _aben
082 _a355
_bPEE 2022
245 _aপিলখানার ইতিহাস /
_cসম্পাদনায় বিজিবি সদর দপ্তর
260 _aঢাকা :
_b বিজিবি সদর দপ্তর,
_c২০২২
300 _a১১২ পৃ. :
_bচিত্রাবলী সংযোজিত;
_c২২ সেমি.
650 _aHistory of BDR
_zBangladesh
710 _a বিজিবি সদর দপ্তর
942 _2ddc
_cBK
999 _c12852
_d12852